01087nam a2200253 i 450000100060000000300090000600500170001500700030003200800410003502000180007608000250009424502410011926000320036030000350039260000740042765000340050165500480053570000370058371000440062085200220066494200080068699900170069495201220071188930ES-MaACL20250825144954.0t|041228s1996 sp ||||1| spa d a84-88474-25-3 a75.035/.036(083.824)00aDe Canaletto a Kandinsky : bobras maestras de la colección Carmen Thyssen-Bornemisza : Museo Thyssen-Bornemisza, Palacio de Villahermosa, 20 de marzo-8 de setiembre 1996 / cexposición y catálogo a cargo de Tomás Llorens Serra. aSabadell : bAusa, c[1996] a327 p. : bil. col. ; c28 cm.14aThyssen-Bornemisza, Carmen, cBaronesa-xColecciones de arte.9173489 4aPintura-vExposiciones916005 72tgfbne9193628aCatálogos de exposiciones1 aLlorens, Tomás, d1936-9728952 aMuseo Nacional Thyssen-Bornemisza95926 aES-MaACLjE-10764 2udc c88930d88930 00104070aATENEOMbATENEOMcDEPO2d2008-01-17eSCl0oE-10764p1092883r2023-02-23 00:00:00w2023-02-23yMONOGRAFIA